000 00246nam a2200109Ia 4500
008 190216s9999||||xx |||||||||||||| ||und||
100 _aMehtha Sp
245 0 _aSecond India Study Economy
260 _bMacmillan
650 _aEconomics
942 _cBK
999 _c9419
_d9419